| 000 | 01209nam a2200313 a 4500 | ||
|---|---|---|---|
| 003 | BLK | ||
| 005 | 20250610101957.0 | ||
| 008 | 230327b bu |||||r|||| 00| | bu d | ||
| 020 | _a9786192650063 | ||
| 040 | _aBLK | ||
| 041 |
_aBUL _cBUL |
||
| 080 |
_aАвстрийска литература _b821.112.2(436) _x-31 _z821.112.2(436)-31 |
||
| 100 |
_91299 _aПалка, Кърт _eпърви автор |
||
| 139 |
_aПалка, Кърт _bП 15 |
||
| 245 |
_aКлара _cКърт Палка; прев. от англ. Диляна Георгиева |
||
| 246 | 1 | 1 | _aClara |
| 257 | _aAUT | ||
| 260 |
_9209932 _aСофия _bКръг _c2023 _n954-9832- _fКостинброд: Мултипринт ООД |
||
| 300 |
_a407 с. _c20 см |
||
| 380 | _aX | ||
| 500 | _aОриг. загл.: Clara / Kurt Palka Биогр. данни за авт. отбелязани на гърба на кор. | ||
| 700 |
_aГеоргиева, Диляна Георгиева _eпрев. от англ. _9299998 |
||
| 852 |
_aЦб 320224 _bЦб |
||
| 856 |
_i0.00 _ldisable |
||
| 942 |
_cKNG _n0 _s1 _030 |
||
| 944 |
_aCR _c2023-03-27 _k30542 _lРусанова Ирена |
||
| 944 |
_aED _kМ.Я. |
||
| 999 |
_c469642 _d469642 |
||
| 999 | _d469642 | ||